CS:GO Knives. - Statistics

General Stats
  • This quiz has been taken 1,785 times
  • The average score is 4 of 10
Answer Stats
Hint Answer % Correct
10 Karambit
84%
4 Bayonet
56%
1 Butterfly Knife
49%
3 M9 bayonet
48%
6 Gut Knife
35%
7 Flip Knife
30%
2 Huntsman
25%
8 Shadow Daggers
15%
9 Bowie Knife
12%
5 Falchion Knife
12%
No matching quizzes found
Score Distribution
Percent of People with Each Score
Percentile by Number Answered
Your Score History
You have not taken this quiz